Hemagglutinin based vaccinal and therapeutic approaches against influenza viruses / (Record no. 330447)

000 -LEADER
fixed length control field 00681nam a22001937a 4500
003 - CONTROL NUMBER IDENTIFIER
control field ASAB
005 - DATE AND TIME OF LATEST TRANSACTION
control field 20240628140112.0
008 - FIXED-LENGTH DATA ELEMENTS--GENERAL INFORMATION
fixed length control field 170713b xxu||||| |||| 00| 0 eng d
040 ## - CATALOGING SOURCE
Transcribing agency ASAB
082 ## - DEWEY DECIMAL CLASSIFICATION NUMBER
Classification number 200
100 ## - MAIN ENTRY--PERSONAL NAME
Personal name Munazza Fatima
9 (RLIN) 3272
245 ## - TITLE STATEMENT
Title Hemagglutinin based vaccinal and therapeutic approaches against influenza viruses /
Statement of responsibility, etc. Munazza Fatima
260 ## - PUBLICATION, DISTRIBUTION, ETC.
Place of publication, distribution, etc. Islamabad.
Name of publisher, distributor, etc. Atta Ur Rahman School of Applied Biosciences NUST.
Date of publication, distribution, etc. 2016.
300 ## - PHYSICAL DESCRIPTION
Extent 174 p;
Other physical details ill;
Dimensions 30,cm.
648 ## - SUBJECT ADDED ENTRY--CHRONOLOGICAL TERM
General subdivision PhD-Virology and Immunology
9 (RLIN) 123903
700 ## - ADDED ENTRY--PERSONAL NAME
Personal name Supervisor: Najam-us-Sahar Sadaf Zaidi
9 (RLIN) 123901
856 ## - ELECTRONIC LOCATION AND ACCESS
Uniform Resource Identifier <a href="http://10.250.8.41:8080/xmlui/handle/123456789/26971">http://10.250.8.41:8080/xmlui/handle/123456789/26971</a>
942 ## - ADDED ENTRY ELEMENTS (KOHA)
Source of classification or shelving scheme
Koha item type Soft Copy
Holdings
Withdrawn status Lost status Source of classification or shelving scheme Damaged status Not for loan Collection code Permanent Location Current Location Date acquired Total Checkouts Full call number Barcode Date last seen Price effective from Koha item type Shelving location
            Atta-ur-Rahman School of Applied Biosciences (ASAB) Atta-ur-Rahman School of Applied Biosciences (ASAB) 07/13/2017   Thesis 2016 MF ASABPHD27 07/13/2017 07/13/2017 Thesis  
            Central Library (CL) Central Library (CL) 08/19/2019   200 CLPT-373 08/19/2019 08/19/2019 Soft Copy Thesis
© 2023 Central Library, National University of Sciences and Technology. All Rights Reserved.